Wybory na Prezydenta Warszawy 2024 - Statystyki

Ogólne statystyki
  • Ten quiz został rozwiązany 11 razy
  • Średni wynik to 4 z 6
Statystyki odpowiedzi
Miejsce Kandydat Poparcie (%) Przynależność Polityczna % Poprawnych
1 Rafał Trzaskowski 57,41 % Platforma Obywatelska
100%
3 Magdalena Biejat 12,56 % Lewica
78%
5 Janusz Korwin-Mikke 1,40 % bezpartyjny
56%
4 Przemysław Wipler 4,45 % Konfederacja i Bezpartyjni Samorządowcy
56%
2 Tobiasz Bocheński 23,10 % Prawo i Sprawiedliwość
44%
6 Romuald Starosielec 0,78 % Ruch Naprawy Polski
33%
Nie znaleziono quizów pasujących do podanych kryteriów
Rozkład punktacji
Procent ludzi z każdym wynikiem
Percentyl według liczby udzielonych odpowiedzi
Twoja historia wyników
Nie rozwiązałeś tego quizu